Indovina la città dalla squadra di calcio #2 - Statistics

Statistiche generali
  • Questo quiz è stato fatto 156 volte
  • Il punteggio medio è 8 su 10
Statistiche sulle risposte
Squadra Città % Corretto
Juventus Torino
100%
Tottenham Londra
96%
Chelsea Londra
96%
Arsenal Londra
95%
Ajax Amsterdam
91%
Boca Juniors Buenos Aires
87%
Celtic Glasgow
77%
Flamengo Rio de Janeiro
61%
Palmeiras San Paolo
56%
Club Brugge Bruges
51%
Nessun quiz corrispondente trovato
Distribuzione punteggi
Percentuale di utenti per punteggio
Percentile per numero di risposta
I tuoi punteggi nel tempo
Non hai fatto questo quiz